Statistics for Countries with the Most Internet Users

Click here to take the quiz!

General Stats

  • This quiz has been taken 74 times
  • The average score is 18 of 20

Answer Stats

Number of UsersAnswer% Correct
854,000,000China
100%
88,000,000Mexico
100%
292,892,868United States of America
100%
60,421,689France
98%
149,057,635Brazil
98%
560,000,000India
98%
63,544,160United Kingdom
96%
71,608,065Pakistan
96%
79,127,551Germany
96%
116,353,942Russia
96%
123,486,615Nigeria
94%
118,626,672Japan
93%
171,260,000Indonesia
93%
54,798,299Italy
89%
96,199,000Bangladesh
87%
79,000,000Philippines
83%
69,107,183Turkey
83%
57,000,000Thailand
83%
62,702,731Iran
81%
68,541,344Vietnam
70%

Score Distribution

Percentile by Number Answered

Percent of People with Each Score

Your Score History

You have not taken this quiz